| 000 | 00629nam a22001817a 4500 | ||
|---|---|---|---|
| 005 | 20251108164715.0 | ||
| 008 | 250721s1991 xx 000 0 ara d | ||
| 082 | 1 | 4 | _a415/محم |
| 100 | 1 | _aحمزة، محمد بن محمد ديب | |
| 245 | 1 | 0 | _aحاشية غاية الأرب على تهذيب شذور الذهب في معركة كلام العرب / |
| 264 | 1 |
_aبيروت : _bدار قتيبة للطباعة والنشر والتوزيع، _c1991. |
|
| 300 | _a435ص | ||
| 650 | 1 | 7 | _aاللغة العربية |
| 650 | 1 | 7 | _aقواعد اللغة |
| 650 | 1 | 7 | _aعلم الصرف |
| 942 |
_2ddc _cBK |
||
| 999 |
_c12355 _d12355 |
||